000
00197 a2200097 4500
001
11098
100
_a
Hiro, D.
245
_a
Inside India
260
_a
_b
Routledge & Kegm
_c
090
_c
8655
_d
8655
942
_a
NUST-CAE
_c
M
_c
35439
999
_c
246171
_d
246171